| 000 | 00402nam a2200145Ia 4500 | ||
|---|---|---|---|
| 008 | 130318s9999 xx 000 0 und d | ||
| 020 | _a471718483 | ||
| 082 | _a570.2 ZOM/P | ||
| 100 | _aZomaya, Albert Y | ||
| 245 | _aParallel computing for bioinformatics and computational biology | ||
| 260 |
_bWiley _aNew Jersey _c2006 |
||
| 300 | _a782 | ||
| 650 | _aBIOINFORMATICS | ||
| 650 | _aCOMPUTATIONAL BIOLOGY | ||
| 999 |
_c1304 _d1304 |
||